000 01244nam0a22003131 4500
001 rc\2364272
005 20110829155034.6
035 _a(NLR Aleph) 006479051
090 _a6014268
_c6014268
100 _a20110829d1976 |||y0rusy50 ca
101 0 _arus
102 _aRU
105 _ay z |||||
200 1 _aАвтоматизация производства и проектирования радиоэлектронной аппаратуры
_e[Обзор]
_fНауч. ред.: Л.Б. Дуков, М.М. Краснов
_gЦНИИ "Румб"
210 _aЛенинград
_cБ. и.
_d1976
215 _a125 с.
_d21
225 1 _aОтраслевая система НТИ
_eОбзорно-аналитическая информация
300 _aНа обороте тит. л. авт.: Л.Б. Дуков, А.С. Фетисов, А.Б. Литван [и др.]
320 _aБиблиогр.: с. 113-124
333 _aДСП. Экз. № 195
701 1 _aФетисов
_bА. С.
701 1 _aДуков
_bЛ. Б.
_4340
701 1 _aЛитван
_bА. Б.
702 1 _aКраснов
_bМ. М.
_4340
801 0 _aRU
_bNLR
_gpsbo
801 1 _aRU
_bELAR
_2rusmarc
852 _aNLR
_j76-50К/5422
942 _cBOOK
980 _aNB